[Event "Olympiad-29"]
[Site "Novi Sad"]
[Date "1990.12.03"]
[Round "14"]
[White "Belotti, Bruno"]
[Black "Kassabe, Ezat"]
[Result "1-0"]
[WhiteElo "2435"]
[BlackElo "2275"]
[PlyCount "59"]
[EventDate "1990.11.17"]
[EventType "team-swiss"]
[EventRounds "14"]
[EventCountry "YUG"]
[SourceTitle "EXT 2019"]
[Source "ChessBase"]
[SourceDate "2018.10.10"]
[SourceVersion "1"]
[SourceVersionDate "2018.10.10"]
[SourceQuality "1"]
[WhiteTeam "Italy"]
[BlackTeam "Syria"]
[WhiteTeamCountry "ITA"]
[BlackTeamCountry "SYR"]

1. e4 d6 2. d4 g6 3. Nc3 Bg7 4. Be3 c6 5. Qd2 Nd7 6. f4 b5 7. Nf3 Nb6 8. b3 Nf6 9. Bd3 0-0 10. h3 a5 11. 0-0 b4 12. Ne2 Qc7 13. f5 c5 14. Bh6 c4 15. bxc4 Nxc4 16. Qg5 Bb7 17. Ng3 d5 18. Bxg7 Kxg7 19. e5 Ng8 20. fxg6 fxg6 21. Nh5+ Kh8 22. Bxg6 h6 23. Qg3 Ne3 24. Rfe1 Nc4 25. Nh4 e6 26. Bd3 Rf5 27. Nxf5 exf5 28. Rf1 Nd2 29. Rxf5 Bc8 30. Rf8 1-0

[Event "Olympiad-29"]
[Site "Novi Sad"]
[Date "1990.11.23"]
[Round "6"]
[White "Kassabe, Ezat"]
[Black "Brestian, Egon"]
[Result "0-1"]
[WhiteElo "2275"]
[BlackElo "2470"]
[PlyCount "100"]
[EventDate "1990.11.17"]
[EventType "team-swiss"]
[EventRounds "14"]
[EventCountry "YUG"]
[SourceTitle "EXT 2019"]
[Source "ChessBase"]
[SourceDate "2018.10.10"]
[SourceVersion "1"]
[SourceVersionDate "2018.10.10"]
[SourceQuality "1"]
[WhiteTeam "Syria"]
[BlackTeam "Austria"]
[WhiteTeamCountry "SYR"]
[BlackTeamCountry "AUT"]

1. c4 e5 2. Nc3 Nf6 3. e4 Bc5 4. g3 d6 5. h3 Nc6 6. Bg2 h5 7. d3 h4 8. g4 Nh7 9. Be3 Ng5 10. Nf3 Nxf3+ 11. Bxf3 Nd4 12. Bg2 c6 13. 0-0 Be6 14. Bxd4 Bxd4 15. Ne2 Bb6 16. Kh2 g5 17. Qd2 f6 18. Rac1 Rh7 19. d4 Bg8 20. Rfd1 Rd7 21. Qc2 Qe7 22. b4 Bxd4 23. Nxd4 exd4 24. Kg1 Qe5 25. Qa4 Bxc4 26. Rxc4 b5 27. Qa6 bxc4 28. Qxc6 Rb8 29. Qxc4 Ke7 30. Bf1 Rbb7 31. Qg8 Qe6 32. Qh7+ Qf7 33. Qxf7+ Kxf7 34. Rxd4 Rdc7 35. Bc4+ Ke7 36. a3 Rb8 37. Kg2 Rbc8 38. Ba6 Rb8 39. Bc4 Rc6 40. b5 Rc5 41. a4 Rbc8 42. Bd3 Rc3 43. Kf3 Ra3 44. Ke3 Rc1 45. Kd2 Rh1 46. Rc4 Rxh3 47. Bc2 Rhf3 48. Rc7+ Kd8 49. Rxa7 Rxf2+ 50. Kc1 Rc3 0-1

[Event "Olympiad-28"]
[Site "Thessaloniki"]
[Date "1988.11.26"]
[Round "12"]
[White "Kassabe, Ezat"]
[Black "Nickoloff, Bryon"]
[Result "1/2-1/2"]
[WhiteElo "2270"]
[BlackElo "2325"]
[PlyCount "86"]
[EventDate "1988.11.13"]
[EventType "team-swiss"]
[EventRounds "14"]
[EventCountry "GRE"]
[SourceTitle "TD"]
[Source "ChessBase"]
[SourceDate "1994.03.01"]
[SourceVersion "1"]
[SourceVersionDate "1994.03.01"]
[SourceQuality "1"]
[WhiteTeam "Syria"]
[BlackTeam "Canada"]
[WhiteTeamCountry "SYR"]
[BlackTeamCountry "CAN"]

1. c4 c5 2. g3 g6 3. Bg2 Bg7 4. Nc3 Nc6 5. e4 e6 6. a3 Nge7 7. Nge2 0-0 8. Rb1 d6 9. 0-0 b6 10. d3 Bb7 11. Be3 Nd4 12. Qd2 Nec6 13. f4 Qd7 14. Bf2 Rae8 15. b4 f5 16. Nxd4 Nxd4 17. Be3 Bf6 18. Rfe1 Rd8 19. h3 h5 20. h4 Rfe8 21. Kh2 Bh8 22. Kh1 Ba8 23. Kh2 Kh7 24. Kh1 Bf6 25. Kh2 Qg7 26. Rec1 Qd7 27. Kh1 Rg8 28. Re1 Rde8 29. Kh2 Qg7 30. Rec1 e5 31. Nd5 Bxd5 32. cxd5 exf4 33. Bxf4 fxe4 34. dxe4 Be5 35. bxc5 bxc5 36. Rf1 Re7 37. a4 Rc8 38. Rfd1 Rf8 39. a5 Ref7 40. Rf1 Qf6 41. Kh3 Qe7 42. a6 Qe8 43. Kh2 Qa4 1/2-1/2

[Event "Olympiad-28"]
[Site "Thessaloniki"]
[Date "1988.11.18"]
[Round "5"]
[White "Kassabe, Ezat"]
[Black "Feller, Joseph"]
[Result "1/2-1/2"]
[WhiteElo "2270"]
[BlackElo "2220"]
[PlyCount "194"]
[EventDate "1988.11.13"]
[EventType "team-swiss"]
[EventRounds "14"]
[EventCountry "GRE"]
[SourceTitle "TD"]
[Source "ChessBase"]
[SourceDate "1994.03.01"]
[SourceVersion "1"]
[SourceVersionDate "1994.03.01"]
[SourceQuality "1"]
[WhiteTeam "Syria"]
[BlackTeam "Luxembourg"]
[WhiteTeamCountry "SYR"]
[BlackTeamCountry "LUX"]

1. c4 e6 2. Nf3 Nf6 3. g3 d5 4. b3 d4 5. d3 Bb4+ 6. Nbd2 a5 7. Bb2 Nc6 8. a3 Be7 9. Bg2 0-0 10. 0-0 h6 11. Ne4 Nh7 12. Qe1 e5 13. e3 Bg4 14. Ned2 Re8 15. exd4 exd4 16. Qc1 Ng5 17. Nxg5 Bxg5 18. f4 Bf6 19. Re1 Be2 20. Be4 Bg4 21. Qc2 g5 22. Bxc6 bxc6 23. Rxe8+ Qxe8 24. Ne4 Bg7 25. fxg5 hxg5 26. Qd2 Qd8 27. Re1 Rb8 28. b4 axb4 29. axb4 Ra8 30. Bc1 f6 31. Qf2 Ra1 32. Bb2 Rxe1+ 33. Qxe1 Qe7 34. Qd2 f5 35. Qxg5 Qxg5 36. Nxg5 Be2 37. Ne6 Bxd3 38. c5 Bh6 39. Bxd4 Bd2 40. Nxc7 Bxb4 41. Ne6 Bd2 42. Kf2 Bc4 43. Nd8 Bd5 44. Nb7 Kf7 45. Nd6+ Kg6 46. Ke2 Bc1 47. Be3 Bb2 48. Kd3 Bf6 49. Bd4 Bd8 50. Nc4 Bc7 51. Nb6 Bg2 52. Be3 Be5 53. Bf4 Bb2 54. Kc4 Bf1+ 55. Kb4 Bd4 56. Nd7 Kf7 57. Bd6 Ke6 58. Nb6 Bg1 59. h4 Be2 60. Ka5 Be3 61. Nc8 Kd7 62. Na7 Bd4 63. Kb6 Bf3 64. h5 Bxh5 65. Nxc6 Bc3 66. Ne7 Bg4 67. Ng6 Bd4 68. Nf8+ Kc8 69. Bf4 Bf3 70. Ne6 Bf2 71. Nc7 Kd7 72. Nb5 Ke6 73. Bd6 Kd7 74. Na3 Bd5 75. Kb5 Bc6+ 76. Ka5 Bd5 77. Kb6 Bg1 78. Nc2 Be4 79. Nb4 Bf2 80. Na6 Be3 81. Nb8+ Ke6 82. Nc6 f4 83. gxf4 Kf5 84. Ne7+ Kg4 85. Ng8 Bf3 86. Nh6+ Kh5 87. Nf7 Be4 88. Be5 Kg4 89. Nd6 Bd3 90. Kc6 Bxf4 91. Kd5 Be3 92. c6 Bb6 93. Bd4 Bc7 94. Ne8 Ba5 95. Nf6+ Kf5 96. Kd6 Bb5 97. Nd5 Bxc6 1/2-1/2

[Event "Olympiad-27"]
[Site "Dubai"]
[Date "1986.11.21"]
[Round "6"]
[White "Kassabe, Ezat"]
[Black "West, Guy"]
[Result "0-1"]
[WhiteElo "2285"]
[BlackElo "2255"]
[PlyCount "142"]
[EventDate "1986.11.15"]
[EventType "team-swiss"]
[EventRounds "14"]
[EventCountry "UAE"]
[SourceTitle "TD"]
[Source "ChessBase"]
[SourceDate "1994.03.01"]
[SourceVersion "1"]
[SourceVersionDate "1994.03.01"]
[SourceQuality "1"]
[WhiteTeam "Syria"]
[BlackTeam "Australia"]
[WhiteTeamCountry "SYR"]
[BlackTeamCountry "AUS"]

1. c4 Nf6 2. g3 c5 3. Bg2 e6 4. Nf3 Be7 5. 0-0 0-0 6. b3 d6 7. Nc3 a6 8. Bb2 Qc7 9. Rc1 b6 10. e3 Bb7 11. d4 Nbd7 12. Qe2 Rfe8 13. Rfd1 Bf8 14. d5 exd5 15. Nxd5 Nxd5 16. cxd5 Qd8 17. Nh4 g6 18. f4 Bg7 19. Bxg7 Kxg7 20. e4 Kg8 21. Re1 Qf6 22. Rcd1 Rad8 23. Bh3 Qc3 24. Bxd7 Rxd7 25. Qg4 Rde7 26. e5 Bxd5 27. Nf5 Re6 28. Re3 Qc2 29. Nh6+ Kg7 30. Rxd5 Kxh6 31. Red3 dxe5 32. f5 Qc1+ 33. Kg2 gxf5 34. Qxf5 R8e7 35. Rd2 Rg6 36. Qc8 Rf6 37. Qh3+ Kg7 38. Qg4+ Rg6 39. Qe4 Ree6 40. Rd1 Qg5 41. Rd8 Qg4 42. Qe3 Rh6 43. Kg1 Rhf6 44. R8d5 Rf3 45. Qd2 Rg6 46. Qe1 e4 47. Re5 Qf4 48. Rxe4 Rf1+ 49. Qxf1 Qxe4 50. Qxa6 Qe3+ 51. Kg2 Rf6 52. Rf1 Qd2+ 53. Kg1 Rxf1+ 54. Qxf1 Qxa2 55. Qf3 Qa1+ 56. Kg2 Qd4 57. h4 b5 58. Qf5 h6 59. Qc2 c4 60. bxc4 bxc4 61. Qa4 Qd5+ 62. Kh2 c3 63. Qg4+ Kh7 64. Qc8 Qd2+ 65. Kh3 Qd3 66. Qc7 Qf1+ 67. Kg4 h5+ 68. Kg5 Qf3 69. g4 Qxg4+ 70. Kf6 Qe6+ 71. Kg5 Qg6+ 0-1

[Event "Olympiad-27"]
[Site "Dubai"]
[Date "1986.11.17"]
[Round "3"]
[White "Frois, Antonio"]
[Black "Kassabe, Ezat"]
[Result "1-0"]
[WhiteElo "2270"]
[BlackElo "2285"]
[PlyCount "87"]
[EventDate "1986.11.15"]
[EventType "team-swiss"]
[EventRounds "14"]
[EventCountry "UAE"]
[SourceTitle "TD"]
[Source "ChessBase"]
[SourceDate "1994.03.01"]
[SourceVersion "1"]
[SourceVersionDate "1994.03.01"]
[SourceQuality "1"]
[WhiteTeam "Portugal"]
[BlackTeam "Syria"]
[WhiteTeamCountry "POR"]
[BlackTeamCountry "SYR"]

1. e4 g6 2. d4 Bg7 3. Nc3 d6 4. Nf3 c6 5. Be2 Nf6 6. 0-0 0-0 7. h3 Nbd7 8. Bf4 Qa5 9. Qd2 e5 10. Be3 Qc7 11. a4 exd4 12. Nxd4 Re8 13. f3 d5 14. exd5 Nxd5 15. Nxd5 cxd5 16. Nb5 Qc6 17. Nd4 Qd6 18. Rfe1 Ne5 19. Nb5 Qd8 20. Rad1 Be6 21. Nxa7 b6 22. Nb5 Rxa4 23. b3 Ra8 24. Bg5 Qc8 25. Be3 Qd8 26. Nd4 Bd7 27. Bf1 Ra5 28. Bf2 Qc8 29. f4 Nc6 30. Rxe8+ Bxe8 31. Nb5 d4 32. Bc4 Qd8 33. c3 Ne7 34. Nxd4 b5 35. b4 Ra3 36. Bf1 Qc8 37. Nxb5 Bxb5 38. Bxb5 Bxc3 39. Qd8+ Qxd8 40. Rxd8+ Kg7 41. Bc4 f5 42. g4 Ra1+ 43. Bf1 Kf6 44. Rd3 1-0